00562 2200193 4500001002100000005001500021035002000036007000300056008004100059020002100100082001000121084001600131100001500147245009500162260004400257300003200301650002100333990001400354INLIS00000000000245120250730115442 a0010-0725000557ta250730 g 0 ind  a0-081-160-1905-3 a658.3 a658.3 TIM s0 aTimpe Dale1 aSeri Manajemen Sumber Daya Manusia, Mepemimpinan Manusia ( Managing People ) /cDale Timpe aJakarta :bAlex Media Komputindo,c1992 a442 hlm :bilus. ;c23,7 cm 4aMemimpin Manusia aBUN025701